Z Tatier mizne drevo z kalamity

Bibliographic Details
Main Author: Drozdíková, Ingrid (Author)
Format: Article
Language:Slovak
PhysicalDescription:Fotogr.
ISSN:1335-440X
Subjects:

MARC

LEADER 00000nab a2200000 a 4500
001 vtls001514775
003 SK-MaSNL
005 20260304002817.0
008 180907c20041209xo mr|p|||||||000 b|slo
015 |a PPPK2004  |2 pppkcl 
038 |a PPPK 
040 |a PPPKCL  |b slo  |c PPPKCL  |e AACR2 
041 0 |a slo 
044 |a xo  |c SK 
080 |a 551.553.8  |2 UDC-MRF-SK2 
080 |a 630*4  |x (437.6)  |2 UDC-MRF-SK2 
080 |a 502.4  |x (437.6)  |2 UDC-MRF-SK2 
100 1 |a Drozdíková, Ingrid  |4 aut  |9 856947 
245 1 0 |a Z Tatier mizne drevo z kalamity  |c Ingrid Drozdíková 
300 |b Fotogr. 
648 7 |a 2004  |2 pppkcl  |9 303492 
650 0 7 |a víchrice  |2 pppkcl  |9 31806 
650 0 7 |a kalamitné drevo  |2 pppkcl  |9 71036 
650 0 7 |a krádeže  |2 pppkcl  |9 2230 
650 0 7 |a podozrenia  |2 pppkcl  |9 880665 
650 0 7 |a lesné katastrofy  |2 pppkcl  |9 1189091 
651 7 |a Vysoké Tatry (Poľsko a Slovensko : pohorie)  |2 SNKPHgeo  |9 67729 
651 7 |a Poprad (Slovensko : okres)  |2 pppkcl  |9 28675 
773 0 |t Sme  |g Roč. 12, č. 284 (9.12.2004), s. 3  |x 1335-440X 
852 |a PPPKCL  |b KIS3GCP 
999 |c 2543896  |d 2545826